| 000 | 00826nam a22001697a 4500 | ||
|---|---|---|---|
| 008 | 140715b xxu||||| |||| 00| 0 eng d | ||
| 020 | _a9780273708810 | ||
| 050 | _aHB171.S59 | ||
| 100 | _aSloman John | ||
| 245 |
_aEssentials of economics. / _cJohn Slomon |
||
| 250 | _a4th ed. | ||
| 260 |
_aU.K: _bPearson Prentice hall, _c2007. |
||
| 300 |
_axxiii,473p.: _bill.; _c24cm. |
||
| 500 | _aIncludes index glossary and appendix | ||
| 505 | _aContents: Markets,demand and supply -- Markets in action -- The supply decision -- The market structures -- Wage and the distribution of income -- Market failures and government policy -- The national economy -- Money and interest rates -- Unemployment,inflation and growth -- Marcoeconomic policy -- International trade -- Balance of payment and exchange rates | ||
| 942 |
_2lcc _cBK |
||
| 999 |
_c3136 _d10636 |
||